000 00480nam a2200169Ia 4500
008 241217s9999||||xx |||||||||||||| ||und||
020 _a9780195883589
_c16.8
040 _beng
_cSSK Library
_erda
082 _a658/GAB
100 _a Vincent A. Gabriel -
245 0 _aManagement Of Business For Gce 'A' Level & Lcci
250 _a2nd ed
260 _b Oxford University Press
_c©1998
942 _2Dewey Decimal Classification
_cBOOK
_nNo
999 _c25787
_d25787
003 OSt
005 20241217112958.0